Stalinovec časopis zamestnancov Kriváňa, národného podniku Martin

Bibliographic Details
Corporate Authors: Neografia (Martin, Slovensko), Severoslovenské tlačiarne (Martin, Slovensko) (Printer), Stredoslovenské tlačiarne (Banská Bystrica, Slovensko). Závod Martin (Printer), Tlačiarne SNP (Martin, Slovensko)
Other Authors: Matejbus, Alexander (Publishing director), Janovitzová, Nora (Publishing director), Barica, Jozef (Publishing director), Horecký, Konštantín, 1925-2011 (Publishing director), Baranka, Rudolf (Publishing director), Škvaril, Fero (Publishing director), Hinková, Viera (Publishing director), Mišúnová, Elena (Publishing director), Kubala, Rudolf (Publishing director), Lublinská, Vlasta (Publishing director), Gombarček, Vlado (Publishing director)
Format: Journal
Language:Slovak
PhysicalDescription:roč. 30 x 21 cm
Published: Martin ZS ROH zamestnancov Kriváňa, n. p., Martin 1/I 1950-2/II 1950
Martin ZO KSS, ZS ROH, ZS ČSM a vedenie závodov J.V. Stalina v Martine
Subjects:

MARC

LEADER 00000nas a22000001a 4500
001 vtls010299895
003 SK-MaSNL
005 20260425194154.0
008 110810d19501962xo wr p r 0 b0slo
015 |a SNBDS17XX9999 
015 |a 1510  |2 Balúnová 1945-60 
015 |a 0697  |2 Janů 1961-65 
038 |a SNKBUDS 
040 |a SNK  |b slo  |c SNK  |e AACR2 
041 0 |a slo 
044 |a xo  |c SK 
080 |a 621  |2 2001 
245 0 0 |a Stalinovec  |b časopis zamestnancov Kriváňa, národného podniku Martin 
260 |a Martin  |b ZS ROH zamestnancov Kriváňa, n. p., Martin  |c 1/I 1950-2/II 1950 
260 3 |3 1/IV 1953-4/XIII 1962  |a Martin  |b ZO KSS, ZS ROH, ZS ČSM a vedenie závodov J.V. Stalina v Martine 
300 |a roč.  |c 30 x 21 cm 
310 |a 1x týždenne  |b 1/VIII 1957-4/XIII 1962 
310 |a 1x za dva týždne  |b 20/III 1952-24/VII 1956 
321 |a Periodicita sa nedá určiť  |b 1/I 1950-19/III 1952 
362 0 |a Roč. I, č. 1 (1950)-roč. XIII, č. 4 (1962) 
500 |a Zmena podnázvu: od 1/IV (jan. 1953) Časopis zamestnancov Závodov J. V. Stalina Martin 
500 |a V tiráži: od 4/II (bez dátumu) časopis zamestnancov ČKD Sokolov, n. p., závod J. V. Stalina, Martin, od 23/III (bez dátumu) časopis zamestnancov Stalinových závodov, nár. podnik Martin, od 1/IV (15. jan. 1953) časopis zamestnancov Závodov J. V. Stalina v Martine, od 1/VII (18. jan. 1956) sa neuvádza 
500 |a Vych. v Martine, nepravidelne, od 20/III dvojtýždenne, od 1/VIII (4. jan. 1957) týždenne, od 1/XII (1961)každý piatok; vo formáte 30 x 21 cm, od 1/VII (18. jan. 1956) 43 x 30 cm 
500 |a Red. red. kruh. Zodp. red. Alexander Matejbus, od 3/I (1950) Nora Janovitzová, od 4/II (1951) Jozef Barica a výk. red. Konštantín Horecký, od 8/II (1951) ved. red. Konštantín Horecký, od 18/III (1952) Rudolf Baranka, od 28/III (1952) Fero Škvaril, od 17/IV (29. sept. 1953) zodp. red. Viera Hinková, od 30/VIII (31. júla 1957) hlav. red. Elena Mišúnová, od 36/VIII (11. sept. 1957) Rudolf Kubala, od 23/IX (11. júla 1958) Elena Mišúnová, od 22/X (12. júna 1959) sa neuvádza, od 27/X (15. júla 1959) zodp. red. Vlasta Lublinská, od 2/XII (1961) Vlado Gombarček, od 13/XII (1961) sa neuvádza; ved. red. od 13/XII (1961) Vl. Gombarček 
500 |a Vyd. ZS ROH zamestnancov Kriváňa, n. p., Martin, od 3/I (1950) ZS ROH, od 1/IV (15. jan. 1953) ZO KSS, ZS ROH, ZS ČSM a vedenie závodu v Martine 
500 |a Tlač. Neografia, n. p., Martin, od 1/III (1952) tlač. SEVST, n. p., záv. Martin, od 14/III (1952) Stredoslov. tlačiarne, n. p., záv. Martin, od 1/IV (15. jan. 1953) Severoslov. tlačiarne, n. p. Martin, od 16/IX (23. apr. 1958) Tlačiarne SNP Martin 
500 |a Prvé číslo z r. 1950 sa nedá určiť. Číslovanie bez dátumu až po IV. ročník. Pov. PIO 16. febr. 38/50-II/3 a 21 098/51-II/3-105 
505 8 0 |g Roč. I. 1950 3 č. po 8 s. 
505 8 0 |g Roč. II. 1951 17 č. po 4-8 s. 
505 8 0 |g Roč. III. 1952 31 č. po 4-12 s. 
505 8 0 |g Roč. IV. 1953 24 č. po 4-8 s. 
505 8 0 |g Roč. V. 1954 24 č. po 8 s. 
505 8 0 |g Roč. VI. 1955 24 č. po 8 s. 
505 8 0 |g Roč. VII. 1956 24 č. po 4 s. 
505 8 0 |g Roč. VIII. 1957 51 č. po 4-6 s. 
505 8 0 |g Roč. IX. 1958 49 č. po 2-4 s. 
505 8 0 |g Roč. X. 1959 52 č. po 2-4 s. 
505 8 0 |g Roč. XI. 1960 52 č. po 2-6 s. 
505 8 0 |g Roč. XII. 1961 52 č. po 4 s. 
505 8 0 |g Roč. XIII. 1962 4 č. po 2-4 s. 
580 |a Od 5/XIII (1962) vych. pod názvom Turčiansky strojár 
610 2 7 |a Kriváň (firma)  |2 SNKBUDS  |9 269207 
650 0 7 |a strojársky priemysel  |2 SNKPH  |9 66942 
651 0 7 |a Martin (Slovensko)  |2 SNKPHgeo  |9 16875 
655 7 |a podnikové časopisy  |2 SNKBUDS  |9 265225 
700 1 |a Matejbus, Alexander  |4 pbd  |9 269208 
700 1 |a Janovitzová, Nora  |4 pbd  |9 269209 
700 1 |a Barica, Jozef  |4 pbd  |9 269210 
700 1 |a Horecký, Konštantín,  |d 1925-2011  |4 pbd  |9 108314 
700 1 |a Baranka, Rudolf  |4 pbd  |9 269211 
700 1 |a Škvaril, Fero  |4 pbd  |9 269212 
700 1 |a Hinková, Viera  |4 pbd  |9 269213 
700 1 |a Mišúnová, Elena  |4 pbd  |9 269214 
700 1 |a Kubala, Rudolf  |4 pbd  |9 269215 
700 1 |a Lublinská, Vlasta  |4 pbd  |9 269216 
700 1 |a Gombarček, Vlado  |4 pbd  |9 269217 
710 2 |a Kriváň (firma)  |4 pbl  |9 269207 
710 2 |a Neografia (Martin, Slovensko)  |9 63143 
710 2 |a Severoslovenské tlačiarne (Martin, Slovensko)  |4 prt  |9 245975 
710 2 |a Stredoslovenské tlačiarne (Banská Bystrica, Slovensko).  |b Závod Martin  |4 prt  |9 228844 
710 2 |a Tlačiarne SNP (Martin, Slovensko)  |9 160232 
710 2 |a Závody J.V. Stalina (Martin, Slovensko)  |4 pbl  |9 269218 
852 |a SNK  |b 10000  |h ČSB 627 
852 |a UKB  |b 300000  |h SB 989 
852 |a UKB  |b 300000  |h 20 B 460 
852 |a UKB  |b 300000  |h 26 A 603 
852 |a SVKKK  |b 900000  |h C 237 
999 |c 5880  |d 7810